01444nam a2200217 a 4500001001000000003000400010005001700014008004100031020001800072040001300090100003200103245006200135260005200197300003500249490004200284520077600326650002901102650002601131650003301157650003601190000056927OSt20230512170502.0990304s2012 ck gr 000 0 spa d a958-06-0006-6 cCO-MqBPB1 aGarcía Márquez, Gabriel13aEl general en su laberinto /cGabriel García Márquez. aSantafé de Bogotá :bLa Oveja Negra,c1989. a284 pagina:bTapa Dura,c22 cm aGabriel García Márquez Para Todos3 a"Esta novela constituye un acercamiento mítico, histórico y humano a la figura de Simón Bolívar. El pulso magistral de García Márquez refiere hasta en sus detalles mínimos la inmensa aventura independentista que, impulsada por Bolívar, cambió el destino de América. Aclamado por el pueblo como Libertador, blanco de conjuras p olíticas y militares, héroe romántico y hasta libertino, idealista íntegro y abandonado que contempla las ruinas de su sueño de unidad de los pueblos americanos, Bolívar emprende el que será su viaje final... Al reconstruir una época crucial de la historia de América, el genial autor colombiano consigue una novela donde la tragedia de lo real y la magia de lo maravilloso alcanzan sus cotas más altas."14aNovela adulto colombiana14aLiteratura colombiana14aNovela históricazColombia14aBolívar, Simóny1783 - 1830